Statistics for App logos Quiz

Click here to take the quiz!

General Stats

  • This quiz has been taken 8,610 times
  • The average score is 14 of 15

Answer Stats

Answer% Correct
Instagram
99%
Snapchat
99%
Facebook
98%
Twitter
98%
Gmail
97%
Netflix
97%
Spotify
97%
Whatsapp
97%
You Tube
97%
Yahoo!
96%
Safari
92%
Skype
89%
Itunes
81%
Internet Explorer
71%
Outlook
70%

Score Distribution

Percentile by Number Answered

Percent of People with Each Score

Your Score History

You have not taken this quiz